00264nam a2200073Ia 4500008004100000082000800041100005300049245008800102240331s9999 xx 000 0 und d bMAR aThe Sri Lanka Federation of University Women. ed 0aMarketable skills training project for unemployed women arts graduates of Sri Lanka